00222nam a2200097Ia 4500008004100000100001400041245002700055260002100082260000900103546001200112170619s9999 xx 000 0 und d aDivakar D 0aAazadi Kay Pachas Vars bPrabha Prakashan c2000 aENGLISH